LIBRARY & INFORMATION CENTRE, KCAET, TAVANUR

ONLINE PUBLIC ACCESS CATALOGUE (OPAC)

Essentials of food and nutrition: Appliled aspects Vol.II / (Record no. 8553)

MARC details
000 -LEADER
fixed length control field 00341cam a2200121ua 4500
082 ## - DEWEY DECIMAL CLASSIFICATION NUMBER
Classification number 664
Item number SWA/ES
100 ## - MAIN ENTRY--AUTHOR NAME
Personal name Swaminathan, M .
245 ## - TITLE STATEMENT
Title Essentials of food and nutrition: Appliled aspects Vol.II /
250 ## - EDITION STATEMENT
Edition statement 2 / En Rv
260 ## - PUBLICATION, DISTRIBUTION, ETC. (IMPRINT)
Place of publication Bangalore :
Name of publisher Bangalore Printing & Publishing co. Ltd ,
Year of publication 2008
300 ## - PHYSICAL DESCRIPTION
Number of Pages 544
942 ## - ADDED ENTRY ELEMENTS (KOHA)
Koha item type Books
Holdings
Withdrawn status Lost status Damaged status Home library Current library Date acquired Full call number Accession Number Koha item type Collection code Shelving location Source of acquisition Cost, normal purchase price
      KAUAET KAUAET 07/04/2012 664 18551 Books        
      KAUAET KAUAET 30/03/2013 664 SWA/ES 24003 Books   General Stacks Aman Book Stall, Calicut 330.00
free website counter